Central Library OPAC University of Rajshahi

Handbook of cross-cultural psychology / (Record no. 28852)

MARC details
000 -LEADER
fixed length control field 00825nam a2200253 a 4500
001 - CONTROL NUMBER
control field 28852
003 - CONTROL NUMBER IDENTIFIER
rucl marc code BD-RjUL
005 - DATE AND TIME OF LATEST TRANSACTION
control field 20211209051334.0
008 - FIXED-LENGTH DATA ELEMENTS--GENERAL INFORMATION
fixed length control field 140401s1981 maua b 00100 eng d
020 ## - INTERNATIONAL STANDARD BOOK NUMBER
International Standard Book Number 0205065007 (v. 4)
035 ## - SYSTEM CONTROL NUMBER
System control number (BD-RjUL)28936
040 ## - CATALOGING SOURCE
Original cataloging agency DLC
Language of cataloging eng
Modifying agency NU
Transcribing agency DLC
Modifying agency XNTU
-- BD-RjUL
041 ## - LANGUAGE CODE
Language code of text/sound track or separate title eng
082 00 - DEWEY DECIMAL CLASSIFICATION NUMBER
Classification number 155.8
Author mark and year HAN V-4 1981
245 00 - TITLE STATEMENT
Title Handbook of cross-cultural psychology /
Statement of responsibility, etc. edited by Harry C. Triandis and Alastair Heron.
Number of part/section of a work Volume 4 :
Name of part/section of a work development psychology.
260 ## - PUBLICATION, DISTRIBUTION, ETC. (IMPRINT)
Place of publication, distribution, etc. Boston :
Name of publisher, distributor, etc. Allyn and Bacon,
Date of publication, distribution, etc. c1981.
300 ## - PHYSICAL DESCRIPTION
Pagination xx, 492 p. ;
Illustrations ill. ;
Size 24 cm.
504 ## - BIBLIOGRAPHY, ETC. NOTE
Bibliography, etc Includes bibliographies and indexes.
650 #0 - SUBJECT ADDED ENTRY--TOPICAL TERM
Topical term or geographic name as entry element Ethnopsychology.
9 (RLIN) 5430
700 1# - ADDED ENTRY--PERSONAL NAME
Personal name Triandis, Harry Charalambos,
Dates associated with a name 1926-
Personal name Heron, Alastair.
942 ## - ADDED ENTRY ELEMENTS (KOHA)
Source of classification or shelving scheme Dewey Decimal Classification
Koha item type Books
Holdings
Lost status Source of classification or shelving scheme Damaged status Not for loan Collection code Permanent Location Current Location Shelving location Date acquired Source of acquisition Cost, normal purchase price Total Checkouts Full call number Date last seen Copy number Koha item type
  Dewey Decimal Classification   Added to bundle Non-fiction Central Library, University of Rajshahi Central Library, University of Rajshahi Reading Room 17/09/1984 Toppam-tulip. 46.75   155.8 HAN V-4 1981 01/04/2014 C-1 Books
  Dewey Decimal Classification     Non-fiction Central Library, University of Rajshahi Central Library, University of Rajshahi   12/01/1986 Toppam & Co. 32.45   155.8 HAN V-4 1981 01/04/2014 C-2 Books
  Dewey Decimal Classification     Non-fiction Central Library, University of Rajshahi Central Library, University of Rajshahi   12/01/1986 Toppam & Co. 32.45   155.8 HAN V-4 1981 01/04/2014 C-3 Books